| 000 | 00576nam a2200169 a 4500 | ||
|---|---|---|---|
| 001 | 000030622 | ||
| 005 | 20240305090859.0 | ||
| 008 | 110525s1935 dr c 000 | spa d | ||
| 040 |
_aDO-SdBNP _bspa _cBNPHU |
||
| 082 |
_axxxx _bV496m |
||
| 100 | 1 |
_aVerges, Pedro, _d1945- _912149 |
|
| 245 | 1 | 0 |
_aMujeres célebres de América : _bJuana de Sotomayor heroína dominicana / _cPedro L. Vergés Vidal. |
| 260 |
_aSantiago, República Dominicana : _bImprenta Tavares, _c1935. |
||
| 300 |
_a94 p. : _bretr. ; _c22 cm. |
||
| 500 | _aIncluye notas al pie de las páginas. | ||
| 049 | _aBNPD | ||
| 999 |
_c30114 _d30114 |
||